[Event "No More Than 1800"]
[Site "SchemingMind.com"]
[Date "2016.07.25"]
[Round "-"]
[White "Wojtek26"]
[Black "ray winteringham"]
[Result "1-0"]
[WhiteCountry "POL"]
[BlackCountry "ENG"]
[WhiteElo "1571"]
[WhiteRD "51"]
[BlackElo "1490"]
[BlackRD "52"]
[GameID "401825"]

1. Nc3 d5 2. d4 Nf6 3. Nf3 e6 4. Bg5 Be7 5. e3 O-O 6. Bd3 h6 7. Bxf6 Bxf6 8. O-O b6 9. Nb5 Bb7 10. Rc1 a6
11. Nc3 Nd7 12. Ne2 c5 13. c4 dxc4 14. Bxc4 Bxf3 15. gxf3 b5 16. Bd3 c4 17. Bc2 Qa5 18. a3 Qc7 19. f4 g6 20. Kh1 Rab8
21. Ng3 Be7 22. Qg4 Kh8 23. Qh3 Kg7 24. Rg1 Rh8 25. Nh5+ Kh7 26. Ng3 f5 27. Rcd1 Rbg8 28. d5 exd5 29. Rxd5 Qc6 30. Nxf5 Qxd5+
31. Rg2 Bf8 32. Nh4 Nf6 33. Nxg6 Rxg6 34. Bxg6+
1-0

[Event "No More Than 1800"]
[Site "SchemingMind.com"]
[Date "2016.07.26"]
[Round "-"]
[White "Clive Everill"]
[Black "Chessibelle"]
[Result "1-0"]
[WhiteCountry "CZE"]
[BlackCountry "ENG"]
[WhiteElo "1706"]
[WhiteRD "55"]
[BlackElo "1152"]
[BlackRD "65"]
[GameID "401849"]

1. e4 e5 2. f4 Nc6 3. Nc3 Nf6 4. fxe5 Nxe5 5. d4 Nc6 6. e5 Ng8 7. Nf3 g6 8. Bc4 h6 9. O-O Nge7 10. Nh4 Bg7
11. Bxf7+ Kf8 12. Bxg6+ Kg8 13. Bf7+ Kf8 14. Be3 d6 15. Qf3 Nf5 16. Nxf5 Kxf7 17. Nxd6+ Kg8 18. Qf7+ Kh7 19. Nf5 Rf8 20. Qxg7#
1-0

[Event "No More Than 1800"]
[Site "SchemingMind.com"]
[Date "2016.07.26"]
[Round "-"]
[White "Chessibelle"]
[Black "Clive Everill"]
[Result "0-1"]
[WhiteCountry "ENG"]
[BlackCountry "CZE"]
[WhiteElo "1152"]
[WhiteRD "65"]
[BlackElo "1706"]
[BlackRD "55"]
[GameID "401850"]

1. Nf3 d5 2. d4 Nf6 3. e3 Bf5 4. Nc3 e6 5. a3 Bd6 6. Be2 O-O 7. O-O Nbd7 8. b4 b6 9. Bb2 a5 10. Nb5 Be7
11. Ne5 Nxe5 12. dxe5 Nd7 13. Nd4 Bg6 14. f3 Nxe5 15. h3 axb4 16. Nb5 Nd7 17. Qd4 Bf6 18. Qxb4 Bxb2 19. Qxb2 Nc5 20. g4 c6
21. Nd4 Qc7 22. f4 Ne4 23. Rfd1 c5 24. Nf3 h6 25. Nh4 Bh7 26. Kg2 g5 27. Nf3 gxf4 28. Rd3 fxe3 29. Kh1 Ng3+ 30. Kg2 Nxe2
31. Kf1 Bxd3 32. cxd3 Ng3+ 33. Ke1 Qf4 34. Qg2 Ra4 35. Kd1 c4 36. d4 Rfa8 37. Qg1 Qxf3+ 38. Kc2 Qe2+ 39. Kb1 Qd3+
0-1

[Event "No More Than 1800"]
[Site "SchemingMind.com"]
[Date "2016.07.26"]
[Round "-"]
[White "Phillip Beckett"]
[Black "Chessibelle"]
[Result "1-0"]
[WhiteCountry "ENG"]
[BlackCountry "ENG"]
[WhiteElo "1549"]
[WhiteRD "51"]
[BlackElo "1152"]
[BlackRD "65"]
[GameID "401851"]

1. d4 d5 2. e3 Nf6 3. Bd3 Nc6 4. f4 g6 5. c3 Bd7 6. Nf3 Bg4 7. O-O Bg7 8. Nbd2 O-O 9. Qe1 e6 10. Ne5 Bh5
11. e4 a6 12. Nxc6 bxc6 13. e5 Ng4 14. h3 Nh6 15. Nf3 Nf5 16. Bxf5 exf5 17. Ng5 Qe7 18. Qh4 c5 19. g4 Qd7 20. gxh5 h6
21. Nf3 f6 22. hxg6 Qe8 23. Kh2 Qd8 24. Be3 Rb8 25. b3 c4 26. b4 Re8 27. Qh5 Kf8 28. Nh4 Qd7 29. Nxf5 Re6 30. Nxg7 Qxg7
31. f5 Ree8 32. Bxh6 Kg8 33. Bxg7 Kxg7 34. Qh7+ Kf8 35. Qf7#
1-0

[Event "No More Than 1800"]
[Site "SchemingMind.com"]
[Date "2016.07.26"]
[Round "-"]
[White "Chessibelle"]
[Black "Phillip Beckett"]
[Result "0-1"]
[WhiteCountry "ENG"]
[BlackCountry "ENG"]
[WhiteElo "1152"]
[WhiteRD "65"]
[BlackElo "1549"]
[BlackRD "51"]
[GameID "401852"]

1. Nf3 Nf6 2. d4 d5 3. b3 e6 4. Bd2 c5 5. e3 Nc6 6. Bb5 Bd6 7. Bc3 a6 8. Bd3 O-O 9. O-O cxd4 10. Nxd4 Nxd4
11. Bxd4 Be7 12. Qd2 Bd7 13. c4 dxc4 14. bxc4 Qc7 15. f4 Bc6 16. Be5 Qb6 17. Bd4 Bc5 18. Qf2 Ne4 19. Qh4 Bxd4 20. exd4 Qxd4+
21. Kh1 Nf6 22. Qg3 Qxa1 23. Qh4 Qd4 24. Be2 Qe4 25. Nc3 Qxg2#
0-1

[Event "No More Than 1800"]
[Site "SchemingMind.com"]
[Date "2016.07.26"]
[Round "-"]
[White "kenneth m day"]
[Black "Chessibelle"]
[Result "1-0"]
[WhiteCountry "USA"]
[BlackCountry "ENG"]
[WhiteElo "1736"]
[WhiteRD "54"]
[BlackElo "1152"]
[BlackRD "65"]
[GameID "401853"]

1. e4 e5 2. f4 d6 3. Nf3 Nc6 4. Nc3 Nge7 5. d4 g6 6. fxe5 d5 7. Bg5 Bg7 8. exd5 Nb4 9. Bc4 c6 10. Qd2 Nbxd5
11. O-O-O O-O 12. h4 f6 13. exf6 Bxf6 14. Ne4 Bg7 15. Ne5 b5 16. Bb3 Qc7 17. h5 Nf5 18. hxg6 Kh8 19. Rxh7+ Kg8 20. Rdh1 Re8
21. Bxd5+ cxd5 22. Nf6+ Kf8 23. Rh8+ Bxh8 24. Rxh8+ Ke7 25. Rxe8+
1-0

[Event "No More Than 1800"]
[Site "SchemingMind.com"]
[Date "2016.07.25"]
[Round "-"]
[White "Chessibelle"]
[Black "kenneth m day"]
[Result "0-1"]
[WhiteCountry "ENG"]
[BlackCountry "USA"]
[WhiteElo "1145"]
[WhiteRD "62"]
[BlackElo "1724"]
[BlackRD "54"]
[GameID "401854"]

1. Nf3 d5 2. d4 Nf6 3. e3 Bf5 4. a3 Nc6 5. Nc3 e6 6. Be2 h6 7. O-O a6 8. Nh4 Bh7 9. g3 Bd6 10. f4 Qe7
11. Bd2 O-O-O 12. Na4 Ne4 13. Be1 g5 14. Nf3 gxf4 15. exf4 Rdg8 16. Kh1 Qf6 17. c3 Bf5 18. Rg1 Bh3 19. c4 dxc4 20. Bxc4 Bg4
21. Qe2 Nxd4 22. Qf1 Bxf3+ 23. Rg2 h5 24. Kg1 Bxg2 25. Qxg2 Nc5 26. Nc3 h4 27. Kf1 hxg3 28. Bxg3 Bxf4 29. Ke1 Qe5+ 30. Ne2 Nc2+
31. Kf2 Qe3+ 32. Kf1 Nxa1 33. b4 Ne4 34. h4 Rxh4 35. Nxf4 Rxg3
0-1

[Event "No More Than 1800"]
[Site "SchemingMind.com"]
[Date "2016.07.26"]
[Round "-"]
[White "ray winteringham"]
[Black "Chessibelle"]
[Result "0-1"]
[WhiteCountry "ENG"]
[BlackCountry "ENG"]
[WhiteElo "1490"]
[WhiteRD "52"]
[BlackElo "1152"]
[BlackRD "65"]
[GameID "401855"]

1. e4 e5 2. Nf3 Nc6 3. Nc3 g6 4. d3 Nge7 5. Be2 d6 6. h3 Bg7 7. O-O O-O 8. Be3 f5 9. exf5 Nxf5 10. Qd2 a6
11. Ne4 h6 12. c4 h5 13. Nfg5 Nce7 14. b4 b5 15. a3 Bb7 16. Ne6 Qd7 17. Nxf8 Kxf8 18. f4 Bh6 19. Nf6 Qc6 20. fxe5 Qxg2#
0-1

[Event "No More Than 1800"]
[Site "SchemingMind.com"]
[Date "2016.07.26"]
[Round "-"]
[White "Chessibelle"]
[Black "ray winteringham"]
[Result "0-1"]
[WhiteCountry "ENG"]
[BlackCountry "ENG"]
[WhiteElo "1152"]
[WhiteRD "65"]
[BlackElo "1490"]
[BlackRD "52"]
[GameID "401856"]

1. Nf3 d5 2. d4 Nc6 3. e3 a6 4. b3 Bf5 5. Bd2 e6 6. Bc3 Nf6 7. Nbd2 Bd6 8. g3 O-O 9. Bg2 Ne7 10. O-O h6
11. Ne5 Rb8 12. Re1 Nc6 13. a3 Nd7 14. h3 Ncxe5 15. f3 Ng6 16. g4 Bxg4 17. fxg4 Qh4 18. e4 Bg3 19. Rf1 Nf4 20. Nf3 Qe7
21. Qd2 Nf6 22. Bb4 Nxe4 23. Qe3 Qf6 24. Nd2 Rfe8 25. Nxe4 dxe4 26. Bxe4 Nxh3+ 27. Kg2 Nf4+ 28. Kxg3 g5 29. Bc3 Qd8 30. Bb4 Qxd4
31. Qe1 Red8 32. Bf3 Rd7 33. Rd1 Qxd1 34. Bxd1 Rbd8 35. Bc3 Rxd1 36. Qe5 Kf8 37. Bb4+ R1d6 38. Qc5 Nd5 39. Be1 b6 40. Qd4 Ke7
41. Qg7 Nf4 42. Qxh6 Rd5 43. c4 Rd3+ 44. Kf2 Kd7 45. Qxg5 Nh3+
0-1

[Event "No More Than 1800"]
[Site "SchemingMind.com"]
[Date "2016.07.30"]
[Round "-"]
[White "Pol MacGilla tSamhais"]
[Black "Chessibelle"]
[Result "1-0"]
[WhiteCountry "IRL"]
[BlackCountry "ENG"]
[WhiteElo "1268"]
[WhiteRD "94"]
[BlackElo "1145"]
[BlackRD "62"]
[GameID "401857"]

1. e4 e5 2. Nf3 Nc6 3. g3 Nge7 4. Bg2 g6 5. O-O d6 6. d4 Bg7 7. d5 Nb4 8. c3 Na6 9. Nh4 O-O 10. Na3 Bd7
11. Be3 c6 12. c4 Nc5 13. b3 Qc8 14. Bxc5 dxc5 15. d6 Nf5 16. exf5 Bf6 17. fxg6 fxg6 18. Re1 Bg4 19. f3 Bd7 20. Nc2 Qd8
21. f4 h6 22. Nxg6 Rf7 23. fxe5 Bg7 24. Qd2 Qe8 25. Ne7+ Kh8 26. Re2 Qf8 27. Ng6+
1-0

[Event "No More Than 1800"]
[Site "SchemingMind.com"]
[Date "2016.07.30"]
[Round "-"]
[White "Chessibelle"]
[Black "Pol MacGilla tSamhais"]
[Result "0-1"]
[WhiteCountry "ENG"]
[BlackCountry "IRL"]
[WhiteElo "1145"]
[WhiteRD "62"]
[BlackElo "1268"]
[BlackRD "94"]
[GameID "401858"]

1. Nf3 Nf6 2. Nc3 d5 3. d4 g6 4. e3 Bg7 5. Be2 O-O 6. b3 e6 7. O-O Ng4 8. e4 c6 9. Bb2 e5 10. Na4 b6
11. c4 Be6 12. h3 Nf6 13. Nc3 dxe4 14. Nxe5 Nfd7 15. Nxe4 Nxe5 16. Qc1 Ned7 17. g4 Qh4 18. Bf3 Qxh3 19. Bg2 Qxg4 20. f3 Qh4
21. Nf2 Nf6 22. Re1 Bh6 23. Qc3 Bf4 24. Kf1 Bg3 25. Ke2 Bxf2 26. Rf1 Bg3 27. Rh1 Bh2 28. Bc1 Qg3 29. Be3 Qxg2+ 30. Bf2 Bg3
31. Raf1 Bxf2 32. Kd1 Rd8 33. Kc2 Bxd4+ 34. Qd2 Bh3 35. Kd1 Qxd2+ 36. Kxd2 Bxf1 37. Rxf1 c5 38. f4 Nc6 39. a3 Bb2+ 40. Ke3 Re8+
41. Kd3 Rad8+ 42. Kc2 Re2+ 43. Kb1 Bxa3 44. Rf3 Rd1#
0-1

[Event "No More Than 1800"]
[Site "SchemingMind.com"]
[Date "2016.07.26"]
[Round "-"]
[White "Chessibelle"]
[Black "Wojtek26"]
[Result "0-1"]
[WhiteCountry "ENG"]
[BlackCountry "POL"]
[WhiteElo "1152"]
[WhiteRD "65"]
[BlackElo "1571"]
[BlackRD "51"]
[GameID "401859"]

1. Nf3 d5 2. d4 Nf6 3. e3 e6 4. Bd2 Bd6 5. b3 O-O 6. Be2 c5 7. Bc3 Nc6 8. a3 Ne4 9. Bb2 Qb6 10. O-O cxd4
11. Kh1 dxe3 12. c4 Nxf2+ 13. Rxf2 exf2 14. Qd3 Ne7 15. Nd4 e5 16. Nf3 e4 17. Qc3 f6 18. Nbd2 exf3 19. Bxf3 Be5 20. Qc2 Bf5
21. Qc1 Bxb2 22. Qxb2 dxc4 23. Nxc4 Qc5 24. Be2 Rad8 25. h3 Nc6 26. Qc3 b5 27. b4 Qe7 28. Kh2 Nd4 29. Bf1 Qc7+ 30. g3 Be6
31. Qe3 Qf7 32. Nd2 Nc2 33. Qxf2 Nxa1 34. Bd3 Rxd3 35. Nf3 Bd5 36. Ne1 Rxa3 37. Qd2 Ra2 38. Nc2 Rxc2
0-1

[Event "No More Than 1800"]
[Site "SchemingMind.com"]
[Date "2016.07.26"]
[Round "-"]
[White "Wojtek26"]
[Black "Chessibelle"]
[Result "1-0"]
[WhiteCountry "POL"]
[BlackCountry "ENG"]
[WhiteElo "1571"]
[WhiteRD "51"]
[BlackElo "1152"]
[BlackRD "65"]
[GameID "401860"]

1. e4 e5 2. Nf3 Nc6 3. Bc4 h6 4. O-O f6 5. Nc3 Nge7 6. d3 g5 7. Nh4 d6 8. Qh5+ Kd7 9. Qf7 Nd4 10. Qxf6 c5
11. Qxh8 Qe8 12. Nf5 Kc6 13. Nxe7+ Qxe7 14. Bb3 b6 15. Nd5 Qd8 16. c3 Ne2+ 17. Kh1 Ba6 18. Bc2 Qd7 19. b4 Qg4 20. Bd1 Bxd3
21. Bxe2 Bxe2 22. Re1 Qxe4 23. Ne3 Bg4 24. f3 Bxf3 25. gxf3 Qxf3+ 26. Kg1 Re8 27. Rf1 Qh3 28. Qf6 g4 29. Qf7 Rc8 30. Qd5+ Kd7
31. Rf7+ Ke8 32. Qe6+ Be7 33. Qxe7#
1-0